• 首页
  • 本馆介绍
  • 公告通知
  • 最新文献
  • 馆藏检索
  • 电子资源
  • 读者导购
  • 参考咨询
  • 我的图书馆
  • 登录
  • 详细信息显示
  • 放入我的书架
  • 预约/预借图书
  • 作者相关作品
  • 分类相关作品
  • 丛书相关作品
  • 出版社相关作品

书目信息

  • 表格格式
  • 工作单格式
  • 卡片格式
题名:
科学文艺晚会
    
 
作者: 郭治 , 韩国栋 编
分册:  
出版信息: 北京   科学普及出版社  1982
页数: 116页
开本: 19cm
丛书名:
单 册:
中图分类: I239.77 , I238
科图分类:
主题词: 相声--中国--现代--选集
电子资源:
ISBN:
000 00632nam0 2200241 450
001 1568849731
005 20150125190754.32
010    @dCNY0.34
091    @a10051.1016
100    @a19950422d1982 em y0chiy0110 ea
101 0  @achi
102    @aCN@b110000
105    @ay z 000by
200 1  @a科学文艺晚会@9ke xue wen yi wan hui@f郭治, 韩国栋编
210    @a北京@c科学普及出版社@d1982
215    @a116页@d19cm
606 0  @a相声@y中国@z现代@x选集
690    @aI239.77@v5
690    @aI238@v4
701  0 @a郭治@9guo zhi@4编
701  0 @a韩国栋@9han guo dong@4编
801  0 @aCN@bTSSF@c20150125
905    @aZUCC@dI238@eJY45
    
    科学文艺晚会/郭治, 韩国栋编.-北京:科学普及出版社,1982
    116页;19cm
    
    
    ISBN :CNY0.34
    
●
相关链接 在E读中查询图书 在五车中查询图书 在当当中查询图书 在豆瓣中查询图书


正题名:科学文艺晚会     索取号:I238/JY45         预约/预借

序号 登录号 条形码 馆藏地/架位号 状态 备注
1 7854645   278546450   学院路分馆/ [索取号:I238/JY45] 在馆    
2 7854646   278546469   学院路分馆/ [索取号:I238/JY45] 在馆    
唐山师范学院图书馆 欢迎您!
大连网信软件有限公司© 版权所有